000 00586nam a2200205 i 4500
001 27498
003 ES-MaACL
005 20250804062732.0
007 t|
008 030114s1969 sp ||||1| spa d
100 1 _aAyer, A. J.
_924144
245 1 3 _aEl concepto de persona /
_cA. J. Ayer ; [traducción de Rafael Albisu].
250 _a1ª ed.
260 _aBarcelona :
_bSeminario de Cultura Mexicana,
_c1969.
300 _a325 p. ;
_c19 cm.
650 0 7 _aFilosofía
_2embne
_912802
700 1 _aAlbisu, Rafael.
_919393
852 _aES-MaACL
_jC-35801
999 _c27498
_d27498